• 首页
  • 本馆介绍
  • 公告通知
  • 最新文献
  • 馆藏检索
  • 电子资源
  • 读者导购
  • 参考咨询
  • 我的图书馆
  • 登录
  • 详细信息显示
  • 放入我的书架
  • 预约/预借图书
  • 作者相关作品
  • 分类相关作品
  • 丛书相关作品
  • 出版社相关作品

书目信息

  • 表格格式
  • 工作单格式
  • 卡片格式
题名:
南海深水地质灾害
    
 
作者: 吴时国 , 孙运宝 , 李清平 著
分册:  
出版信息: 北京   科学出版社  2019
页数: 289页
开本: 26cm
丛书名:
单 册:
中图分类: P722.7 , P736.12
科图分类:
主题词:
电子资源:
ISBN: 978-7-03-058129-7
000 01408cam0 2200325 450
001 012001001778
005 20140109084603.0
010    @a978-7-03-058129-7@b精装@dCNY228.00
099    @aCAL 012019009308
100    @a20190122d2019 em y0chiy50 ea
101 0  @achi
102    @aCN@b110000
105    @aab a 000yy
106    @ar
200 1  @a南海深水地质灾害@Anan hai shen shui di zhi zai hai@d= Deepwater geohazards in the South China Sea@f吴时国, 孙运宝, 李清平等著@zeng
210    @a北京@c科学出版社@d2019
215    @a289页@c图 (部分彩图), 地图@d26cm
300    @a国家科学技术学术著作出版基金资助出版
314    @a中国科学院天然气水合物研究中心
320    @a有书目 (第272-289页)
330    @a本书是根据我们深水地质灾害团队最近10年的科研成果,在结合全球深海地质灾害研究进展的基础上,综合分析和总结了我国南海深海地质灾害的类型、特征和防治,提醒政府和大众关注深海水地质灾害的巨大危害。全书总结了南海的灾害类型和国际研究进展,阐述了海底滑坡、浅层气、浅层水合物、浅水流和地震海啸等重要地质灾害的特征、危害以及各种预测技术。
510 1  @aDeepwater geohazards in the South China Sea@zeng
607    @a南海@ANan Hai@x深海@x海洋地质@x地质灾害@x研究
690    @aP722.7@v5
690    @aP736.12@v5
701  0 @a吴时国@Awu shi guo@4著
701  0 @a孙运宝@Asun yun bao@4著
701  0 @a李清平@Ali qing ping@4著
801  0 @aCN@b北京卓展@c20191020
905    @b1202565-6@dP722.7@e111@f2
    
    南海深水地质灾害= Deepwater geohazards in the South China Sea/吴时国, 孙运宝, 李清平等著.-北京:科学出版社,2019
    289页:图 (部分彩图), 地图;26cm
    国家科学技术学术著作出版基金资助出版
    
    ISBN 978-7-03-058129-7(精装):CNY228.00
    本书是根据我们深水地质灾害团队最近10年的科研成果,在结合全球深海地质灾害研究进展的基础上,综合分析和总结了我国南海深海地质灾害的类型、特征和防治,提醒政府和大众关注深海水地质灾害的巨大危害。全书总结了南海的灾害类型和国际研究进展,阐述了海底滑坡、浅层气、浅层水合物、浅水流和地震海啸等重要地质灾害的特征、危害以及各种预测技术。
●
相关链接 在E读中查询图书 在五车中查询图书 在当当中查询图书 在豆瓣中查询图书


正题名:南海深水地质灾害     索取号:P722.7/111         预约/预借

序号 登录号 条形码 馆藏地/架位号 状态 备注
1 1202565   212025654   第二样本阅览室/ [索取号:P722.7/111] 在馆    
2 1202566   212025663   第三借阅区/ [索取号:P722.7/111] 在馆    
唐山师范学院图书馆 欢迎您!
大连网信软件有限公司© 版权所有